Potter and Perry`s Fundamentals of Nursing. (Record no. 7783)
[ view plain ]
| 000 -LEADER | |
|---|---|
| fixed length control field | 00498nam a22001697a 4500 |
| 008 - FIXED-LENGTH DATA ELEMENTS--GENERAL INFORMATION | |
| fixed length control field | 190404b ||||| |||| 00| 0 eng d |
| 020 ## - INTERNATIONAL STANDARD BOOK NUMBER | |
| International Standard Book Number | 9788131234365 |
| 082 ## - DEWEY DECIMAL CLASSIFICATION NUMBER | |
| Classification number | 610.73 P866p 2013 |
| 100 ## - MAIN ENTRY--PERSONAL NAME | |
| Personal name | Potter, Patricia |
| 245 ## - TITLE STATEMENT | |
| Title | Potter and Perry`s Fundamentals of Nursing. |
| 260 ## - PUBLICATION, DISTRIBUTION, ETC. | |
| Place of publication, distribution, etc. | India ; |
| Name of publisher, distributor, etc. | Reed Elsevier India Private limited, |
| Date of publication, distribution, etc. | 2013. |
| 300 ## - PHYSICAL DESCRIPTION | |
| Extent | xl, 1337 p. |
| Other physical details | ill. |
| Dimensions | 28 cm. |
| 700 ## - ADDED ENTRY--PERSONAL NAME | |
| Personal name | Perry, Anne Griffin. |
| Personal name | Stockert, Patricia A. |
| Personal name | Hall, Amy M. |
| 942 ## - Added entry Elements (Koha) | |
| Source of classification or shelving scheme | Dewey Decimal Classification |
| Withdrawn status | Lost status | Source of classification or shelving scheme | Damaged status | Not for loan | Collection code | Home library | Current library | Shelving location | Date acquired | Serial Enumeration / chronology | Total Checkouts | Total Renewals | Full call number | Barcode | Date last seen | Date last checked out | Price effective from | Koha item type |
|---|---|---|---|---|---|---|---|---|---|---|---|---|---|---|---|---|---|---|
| Dewey Decimal Classification | Main TEST | RTC Library | RTC Library | Main opac | 04/04/2019 | 13629 | 19 | 15 | 610.73 POT | 30013392 | 22/09/2023 | 23/08/2023 | 04/04/2019 | Main | ||||
| Dewey Decimal Classification | Main TEST | RTC Library | RTC Library | Main opac | 04/04/2019 | 13604 | 28 | 29 | 610.73 POT | 30013237 | 04/03/2026 | 06/02/2026 | 04/04/2019 | Main | ||||
| Dewey Decimal Classification | Main TEST | RTC Library | RTC Library | Main opac | 04/04/2019 | 13603 | 20 | 13 | 610.73 POT | 30013736 | 15/05/2024 | 29/04/2024 | 04/04/2019 | Main | ||||
| Dewey Decimal Classification | Main TEST | RTC Library | RTC Library | Main opac | 04/04/2019 | 13630 | 28 | 20 | 610.73 POT | 30013340 | 03/03/2026 | 13/02/2026 | 04/04/2019 | Main | ||||
| Dewey Decimal Classification | Main TEST | RTC Library | RTC Library | Main opac | 04/04/2019 | 13631 | 19 | 39 | 610.73 POT | 30013572 | 09/03/2026 | 02/03/2026 | 04/04/2019 | Main |